Význam nástrojov digitalizácie v kontexte cirkulárnej ekonomiky: Systematická prehľadová štúdia
Systematické identifikovanie hlavných nástrojov digitalizácie a rozbor ich významu v kontexte obehového hospodárstva.
Salvato in:
| Autore principale: | |
|---|---|
| Altri autori: | |
| Natura: | Capitolo di libro |
| Lingua: | slovacco |
| Soggetti: | |
| Tags: |
Nessun Tag, puoi essere il primo ad aggiungerne!!
|
MARC
| LEADER | 00000naa a2200000 4500 | ||
|---|---|---|---|
| 001 | 0311674 | ||
| 005 | 20250728100951.6 | ||
| 041 | 0 | |a slo | |
| 044 | |a SK | ||
| 245 | 1 | 0 | |a Význam nástrojov digitalizácie v kontexte cirkulárnej ekonomiky: Systematická prehľadová štúdia |c Diana Pallérová, Daniela Rybárová |
| 520 | |a Systematické identifikovanie hlavných nástrojov digitalizácie a rozbor ich významu v kontexte obehového hospodárstva. | ||
| 610 | 2 | 0 | |a hospodárstvo |
| 610 | 2 | 0 | |a hospodárstvo obehové |
| 610 | 2 | 0 | |a digitalizácia |
| 610 | 2 | 0 | |a technológie inteligentné |
| 610 | 2 | 0 | |a technológie nové |
| 100 | 1 | |a Pallérová, Diana, 1999- | |
| 700 | 1 | |a Rybárová, Daniela, 1967- | |